| 000 | 00453nam a22001817a 4500 | ||
|---|---|---|---|
| 003 | NUST - PNEC | ||
| 005 | 20170116180947.0 | ||
| 008 | 150907b xxu||||| |||| 00| 0 eng d | ||
| 020 | _a0070109346 | ||
| 040 | _cLIBRARY | ||
| 082 | _a621.381 CHU | ||
| 100 |
_99008 _a Chute, George M |
||
| 245 |
_aElectronics in industry _cGeorge M Chute |
||
| 250 | _a5th ed. | ||
| 260 | _cc 1979 | ||
| 650 |
_97852 _aIndustrial electronics _xEL |
||
| 942 |
_2ddc _cBK |
||
| 999 |
_c66325 _d66325 |
||